000
00358nam a2200157Ia 4500
008
151213s9999 xx 000 0 und d
100
_a
R.J.Lewlckf
245
_a
Negotiation
_c
R.J.Lewlckf
250
_a
2nd
260
_a
Sydney
_b
Irwin
_c
1993
300
_a
2683 p.
650
_a
Management
650
_a
Management
700
_a
R.J.Lewlckf
999
_c
1795
_d
1795